| 000 | 00408nam a2200133Ia 4500 | ||
|---|---|---|---|
| 008 | 231129s2005||||xx |||||||||||||| ||spa|| | ||
| 020 | _a958-33-8662-6 | ||
| 040 | _bspa | ||
| 082 | _a347.05 E59 | ||
| 245 | 0 | _aEnsayos de la maestría en derecho procesal | |
| 260 | _c2005 | ||
| 264 | _aCentauro Artes Gráficas; Universidad Libre Seccional Pereira | ||
| 942 |
_2ddc _cBKS |
||
| 999 |
_c13134 _d13134 |
||